1379 1461 1744 1186 1814 1987 1793 1887 1912 1655 1379 1801 1172 1059 1815 1417 1611 1082 1038 1631 1322 1499 1028 1620 1324 1064 1423 1995 1254 1968 1649 1264 1261 1615 1616 1152 1863 1052 1036 1831 1948 1063 1761 1968 1112 1085 1318 1021 1696 1880 1882 1250 1684 1636 1976 1080 1363 1294 1201 1139 1195 1075 1574 1092 1733 1582 1005 1358 1134 1408 1461 1032 1633 1948 1588 1148 1311 1296 1320 1155 1362 1667 1569 1055 1019 1813 1953 1304 1172 1419 1338 1542 1792 1536 1227 1165 1428 1957 1858 BCNSPRNW ULIB Ver.6.0+V

เปลี่ยนเป็นภาษาไทย

Change to English
 แสดงรายละเอียดบรรณานุกรม
  กลับหน้าหลัก

Brief Record : Get Marc (ISO 2709) : E-mail record : QR code < ปิดหน้าต่าง
LEADER : 00000nam 2200000uu 4500
001    13399111370
003     ULIB
008    110623s||||||||th 000 0 tha d
020    9749348281
050  4 BJ1486^bอ598อ 2549
100 0  สานุพันธ์ ตันติศิริวัฒน์
245 10 อัจฉริยะบนทางสีขาว :^bดร. อาจอง ชุมสาย ณ อยุธยา /^cสานุพันธ์ ตันติศิริวัฒน์
250    พิมพ์ครั้งที่ 5
260    กรุงเทพฯ :^bฟรีมายด์,^c2549
300    215 หน้า :^bภาพประกอบ ;^c21 ซม.
600 07 อาจอง ชุมสาย ณ อยุธยา,^d2483-
650  7 ชีวประวัติ
650  7 นักวิทยาศาสตร์
650  7 นักวิทยาศาสตร์^xชีวประวัติ
650  7 นักวิทยาศาสตร์^zไทย^vชีวประวัติ
945    ^p195^l0^i020559
945    ^p195^l0^i021015
995    ทศพร
999 ^a ใช้งานได้ทุกระบบ
รายการนี้ยังไม่มีแท็ก
คุณยังไม่ได้ล็อกอิน คุณสามารถมีกิจกรรมร่วมกับเว็บไซต์ได้ แต่ต้องล็อกอินก่อน ::
  ล็อกอิน

รายการสื่อสารสนเทศ

ลำดับที่ ประเภท เลขเรียก/บาร์โค้ด สถานที่ สถานะ
- ไม่พบข้อมูล -

รายการใกล้เคียง
    ผู้แต่ง [สานุพันธ์ ตันติศิริวัฒน์]

    หัวเรื่อง [ชีวประวัติ]
    หัวเรื่อง [นักวิทยาศาสตร์]

BibComment


ยังไม่เคยถูกคอมเมนท์

คอมเมนท์ทรัพยากรรายการนี้
  คอมเมนท์: อัจฉริยะบนทางสีขา..


 Copyright 2026. Bcnsprnw @Library